-
Brealey, Richard A. And Stewart, C Myers
Entry Personal Name
Number of records used in: 1
001 - CONTROL NUMBER
003 - CONTROL NUMBER IDENTIFIER
005 - DATE AND TIME OF LATEST TRANSACTION
- control field:
20180710094354.0
008 - FIXED-LENGTH DATA ELEMENTS
- fixed length control field:
180710|| aca||aabn | a|a d
040 ## - CATALOGING SOURCE
- Original cataloging agency:
OSt
- Transcribing agency:
OSt
100 ## - HEADING--PERSONAL NAME
- Personal name:
Brealey, Richard A. And Stewart, C Myers
670 ## - SOURCE DATA FOUND
- Source citation:
Work cat.: (OSt)3235: Brealey, Richard A. And Stewart, C Myers, Principles of Corporate Finance, 2004